Statistics for U.S General Knowledge by Letter - B

Click here to take the quiz!

General Stats

  • This quiz has been taken 208 times
    (167 since last reset)
  • The average score is 10 of 20

Answer Stats

HintAnswer% Correct
Capital of MassachusettsBoston
98%
Capital of LouisianaBaton Rouge
89%
Capital of IdahoBoise
87%
Major city in MarylandBaltimore
85%
President of the U.S. from 2009- 2017Barack Obama
85%
Biggest city in AlabamaBirmingham
76%
Capital of North DakotaBismarck
73%
Major city in ColoradoBoulder
69%
Major city a few miles away from Niagara FallsBuffalo
66%
Biggest city in MontanaBillings
47%
City in Maine next to OronoBangor
36%
Biggest city in VermontBurlington
34%
Biggest city in ConnecticutBridgeport
32%
Northernmost city in the U.SBarrow
28%
Texas city at the border of MexicoBrownsville
26%
Central Oregon cityBend
24%
Texas city next to LouisianaBeaumont
18%
Oklahoma city next to TulsaBroken Arrow
15%
Tall Cascade mountain in WashingtonMount Baker
7%
Major city in Puerto Rico next to San JuanBayamon
4%

Score Distribution

Percentile by Number Answered

Percent of People with Each Score

Your Score History

You have not taken this quiz since the last reset